000
00308nam a22001337a 4500
008
170608b xxu||||| |||| 00| 0 eng d
020
_a
0871876833
041
_a
eng
080
_a
327
100
_a
18
101
_a
SHP
245
_a
SECRET INTELLIGENCE AND PUBLIC POLICY
_c
HOLT.P.M
942
_2
udc
_c
BK
999
_c
16358
_d
16358